000 00411nam a2200133 i 4500
001 43275
003 ES-MaACL
007 t|
008 030317s1982 sp ||||1| spa d
245 0 0 _aI Centenario del Cuerpo de Abogados del Estado, 1981-1981.
260 _aMadrid :
_b[s.n.,
_c1982] (
_fImp. Fábrica Nacional de Moneda y timbre)
300 _a335 p. :
_bil. ;
_c26 cm.
852 _aES-MaACL
_jL-3606
_bR.104569
999 _c43275
_d43275